| 000 | 00421nam a2200157 a 4500 | ||
|---|---|---|---|
| 005 | 20140412111224.0 | ||
| 008 | 100122s19uu xx 00 eng d | ||
| 020 | _a0-439-87381-9 | ||
| 050 |
_aER _bGr885 2006 |
||
| 100 | _aFontes, Justine | ||
| 245 |
_aClean up, Grumpy bunny! / _cJustine Korman Fontes. |
||
| 260 |
_aU.S.A : _bScholastic, _c2006. |
||
| 300 | _aunp. | ||
| 440 | _aGrumpy bunny reader | ||
| 999 |
_c101992 _d101992 |
||